| 000 | 00928cab a2200301 4500 | ||
|---|---|---|---|
| 001 | WB3507-52 | ||
| 008 | 090401t1999 xxu||||| |||| 00| 0 eng d | ||
| 035 | _a(Sirsi) u91389 | ||
| 041 | _aeng | ||
| 245 | _aOvervalued twice over | ||
| 260 | _c1999 | ||
| 350 | _a0 | ||
| 490 |
_aEstates Gazette _v(9906) 13 February 1999, 176(1) |
||
| 520 | _aDiscusses recent decisions in negligence cases where two valuers are involved. | ||
| 650 | _aARAB BANK PLC V JOHN D WOOD COMMERCIAL LTD | ||
| 650 | _aFALLING MARKET | ||
| 650 | _aLIABILITY | ||
| 650 | _aMEASURE OF DAMAGES | ||
| 650 | _aMORTGAGE CORPORATION V HALIFAX (SW) LTD | ||
| 650 | _aNEGLIGENCE | ||
| 650 | _aOVER-VALUATION | ||
| 650 | _aSOUTH AUSTRALIA ASSET MANAGEMENT CORPORATION V YORK MONTAGUE LTD | ||
| 650 | _aSURVEYORS | ||
| 650 | _aVALUERS | ||
| 690 | _aMANAGEMENT-BUSINESS MANAGEMENT-PROFESSIONAL PRACTICE | ||
| 942 | _n0 | ||
| 948 | _c17/02/1999 | ||
| 999 |
_c58011 _d58011 |
||